| 000 | 00845nmm a2200289 a 4500 | ||
|---|---|---|---|
| 003 | AR-BaBNM | ||
| 005 | 20251128203519.0 | ||
| 008 | 207019s1976 ||||||||||||||000 | spa|| | ||
| 040 | _cAR-BaBNM | ||
| 100 | 1 | _aChudacoff, Howard P. | |
| 245 | 1 | 0 | _aEvolución de la sociedad urbana en un país industrial |
| 260 |
_aBuenos Aires _bEditora Distribuidora Argentina _c1976 |
||
| 300 | 0 |
_a439 p. _bláms., tablas |
|
| 504 | _aContiene bibliografía al final de cada capítulo | ||
| 650 | 4 | _aSOCIOLOGIA URBANA | |
| 650 | 4 | _aSIGLO DIECINUEVE | |
| 650 | 4 | _aSIGLO VEINTE | |
| 650 | 4 | _aSOCIOLOGIA INDUSTRIAL | |
| 650 | 4 | _aSOCIEDADES INDUSTRIALES | |
| 650 | 4 | _aURBANIZACION | |
| 650 | 4 | _aMEDIO URBANO | |
| 650 | 4 | _aINDUSTRIALIZACION | |
| 651 | 4 | _aEstados Unidos | |
| 700 | 1 |
_aBonanno, Antonio _etraductor |
|
| 942 | _cBK | ||
| 998 | _csilvi | ||
| 999 |
_c3725 _d3725 |
||